000 00436nam a2200169Ia 4500
005 20250423094357.0
008 250422s9999 xx 000 0 und d
020 _a9789785460469
050 _aJN 956 .A34/
100 _aAdeniyi, Olusegun
245 0 _aAgainst the run of play: how an incumbent president was defeated in Nigeria
260 _aYaba
260 _bThis Day Books
260 _c2017
300 _a204 p
942 _cBK
999 _c27054
_d27054